El delito de estafa en la jurisprudencia del Tribunal Supremo

Detalles Bibliográficos
Autor principal: Rives Seva, Antonio Pablo
Formato: eBook
Lenguaje:español
Publicado: Barcelona : Editorial vLex, 2013
Materias:
Acceso en línea:http://www.vlex.es/source/11257

MARC

LEADER 00000nam a22000007a 4500
005 20130610153100.0
007 cr|||| ||||
008 130610e2013 sp |||||s|||| 00||0 spa d
035 |a 11257 
040 |a vLex 
090 |c 4292  |d 4292 
100 1 0 |a Rives Seva, Antonio Pablo 
245 1 3 |a El delito de estafa en la jurisprudencia del Tribunal Supremo  |c / Antonio Pablo Rives Seva  |h [Recurso electrn̤ico]  
256 |a Servicio en ln̕ea 
260 |a Barcelona :  |b Editorial vLex,   |c 2013 
300 |a 1 Recurso electrn̤ico 
506 |d vLex Global  |d vLex Global (Academic Edition, excluding Law Schools)  |d vLex Global (U.S. Academic Edition, Law Schools)  |d vLex Global (U.S. Academic Edition, excluding Law Schools)  |d vLex Global (Academic Edition, Law Schools) 
650 4 |a Derecho penal  |z Espaą 
650 4 |a Jurisprudencia  |z Espaą 
740 |a vLex Libros (Servicio en ln̕ea) 
856 |a Acceso restringido  |u http://www.vlex.es/source/11257 
942 |c BOOK 
999 0 |a Criminal law